000 01706cam a22003491ia4500
003 SA-RiAUC
005 20250918051540.0
008 250918s1992 su a g be f00010cara c
020 _a9775254221
040 _aSA-MdTU
_bara
_cSA-RiAUC
_erda
043 _aa-su---
082 0 4 _a928.103
_qSA-RiAUC
090 _a928.103
_bا ب ن س
100 1 _aابن سلم، أحمد سعيد عبود،
_d1350 هجري-
_eمؤلف.
245 1 0 _aموسوعة الأدباء والكتاب السعوديين خلال ستين عاما 1350 هـ.-1410 هـ. /
_cإعداد أحمد سعيد بن سلم.
246 3 _aموسوعة الأدباء والكتاب السعوديين خلال 60 عاما 1350 هـ.-1410 هـ.
250 _aالطبعة الأولى.
264 1 _aالمدينة المنورة :
_bنادي المدينة المنورة الأدبي،
_c1992.
300 _a3 مجلد :
_bمصور ؛
_c24 سم.
336 _aنص
_btxt
_2rdacontent
_3كتاب
337 _aبدون وسيط
_bn
_2rdamedia
338 _aمجلد
_bnc
_2rdacarrier
490 0 _aإصدارات نادي المدينة المنورة الأدبي ؛
_v78، 77، 76
504 _aيشتمل على إرجاعات ببليوجرافية.
504 _aببليوجرافية : صفحة 322-327.
650 7 _aالمؤلفون السعوديون
_vتراجم
_vدوائر معارف
_2aucsh
650 7 _aالأدباء السعوديون
_vتراجم
_vدوائر معارف
_2aucsh
650 7 _aالأدباء العرب
_zالسعودية
_vتراجم
_2aucsh
650 7 _aالأدب العربي
_zالسعودية
_xتاريخ ونقد
_2aucsh
942 _2ddc
_cBOOK
949 _aSA-JeALM
_d250918
_ukhaled123
_n1
999 _c11863
_d11863